Make-up - Statistics

General Stats
  • This quiz has been taken 600 times
  • The average score is 4 of 6
Answer Stats
Picture Answer % Correct
lip stick
100%
eyeshadow
93%
press powder/powder
78%
concealer
69%
eyebrow
48%
blusher
26%
No matching quizzes found
Score Distribution
Percent of People with Each Score
Percentile by Number Answered
Your Score History
You have not taken this quiz